Arsenal's 23/24 Squad Based On Previous Club - Statistics

General Stats
  • This quiz has been taken 68 times
  • The average score is 17 of 24
Answer Stats
Previous club Player % Correct
Brighton & Hove Albion Ben White
90%
West Ham United Declan Rice
89%
Manchester City Oleksandr Zinchenko
87%
Manchester City Gabriel Jesus
86%
Real Madrid Martin Ødegaard
84%
Saint-Etienne William Saliba
81%
Arsenal academy Bukayo Saka
79%
Chelsea Kai Havertz
76%
Spezia Jakub Kiwior
73%
Chelsea Jorginho
73%
Ajax Jurriën Timber
73%
Atlético Madrid Thomas Partey
71%
Porto Fábio Vieira
70%
Arsenal academy Eddie Nketiah
68%
Lille Gabriel Magalhães
67%
Ituano Gabriel Martinelli
67%
Brighton & Hove Albion Leandro Trossard
67%
Arsenal academy Emile Smith Rowe
65%
Bologna Takehiro Tomiyasu
65%
Arsenal academy Reiss Nelson
60%
AFC Bournemouth Aaron Ramsdale
59%
Basel Mohamed Elneny
48%
Southampton Cédric Soares
38%
Blackburn Rovers David Raya
37%
No matching quizzes found
Score Distribution
Percent of People with Each Score
Percentile by Number Answered
Your Score History
You have not taken this quiz